Relevamiento geográfico : guía teórico-práctica /
Guardado en:
| Autor Principal: | |
|---|---|
| Otros Autores: | |
| Formato: | Libro |
| Idioma: | Spanish |
| Publicado: |
Bahía Blanca :
Universidad nacional del sur. Departamento de ciencias sociales,
s.f.
|
| Etiquetas: |
Agregar Etiqueta
Sin Etiquetas, Sea el primero en etiquetar este registro!
|
| LEADER | 00735nam a22001815a 4500 | ||
|---|---|---|---|
| 001 | EUN.um057560 | ||
| 003 | AR-BaUNS | ||
| 005 | 20050623122926.0 | ||
| 008 | 041125ss.f.####ag#a##########000#0#spa#d | ||
| 245 | 1 | 0 | |a Relevamiento geográfico : |b guía teórico-práctica / |c Olga M. Del Pozo, Marta L. Roncero. |
| 260 | |a Bahía Blanca : |b Universidad nacional del sur. Departamento de ciencias sociales, |c s.f. | ||
| 300 | |a 128 h. : |b ilus. ; |c 33,5 cm. | ||
| 100 | 1 | |a Del Pozo, Olga M. | |
| 700 | 1 | |a Roncero, Marta L. | |
| 082 | 0 | 4 | |a 910 |
| 859 | |a Ar-BaUNS |b BIB. CENTRAL - Sector C |h 910 |i D386 |k F |p 84923/980 | ||
| 859 | |a Ar-BaUNS |b BIB. CENTRAL - Sector C |h 910 |i D386 |k F |p 84924/980 |t Ej.2 | ||
| 859 | |a Ar-BaUNS |b BIB. CENTRAL - Sector C |h 910 |i D386 |k F |p 84927/980 |t Ej.3 | ||
